| 000 | 00629nam a2200193 i 4500 | ||
|---|---|---|---|
| 001 | 98195 | ||
| 003 | ES-MaACL | ||
| 005 | 20251015063110.0 | ||
| 007 | t| | ||
| 008 | 050726q1910 sp |||| | spa d | ||
| 100 | 1 |
_aMarsillach, Adolfo, _d1868-1935 _9151435 |
|
| 245 | 1 | 3 |
_aLa ciudad anárquica, Barcelona / _cAdolfo Marsillach. |
| 260 |
_aBarcelona : _bF. Granada y Cª, _c[1910?] |
||
| 300 |
_a303 p. ; _c19 cm. |
||
| 596 | _aAl final del texto consta el año 1910. | ||
| 651 | 4 |
_aBarcelona- _xHistoria- _y1909, Semana trágica- _vNovelas. _9151436 |
|
| 852 |
_aES-MaACL _jD-3180 _z. - hol. |
||
| 999 |
_c98195 _d98195 |
||